Корейская письменность. Происхождение, употребление, значение; Актуальные проблемы гуманитарных наук

Podrobná bibliografie
Parent link:Актуальные проблемы гуманитарных наук.— 2005.— С. 59-61
Hlavní autor: Замоева О. А.
Jazyk:ruština
Vydáno: 2005
Témata:
Médium: MixedMaterials Kapitola
KOHA link:https://koha.lib.tpu.ru/cgi-bin/koha/opac-detail.pl?biblionumber=139035

MARC

LEADER 00000naa2a2200000 4500
001 139035
005 20231031141625.0
035 |a (RuTPU)RU\TPU\book\150639 
090 |a 139035 
100 |a 20080602d2005 k y0rusy50 ca 
101 0 |a rus 
102 |a RU 
200 1 |a Корейская письменность. Происхождение, употребление, значение  |f О. А. Замоева 
320 |a Библиогр.: 1 назв. 
463 0 |0 (RuTPU)RU\TPU\book\118298  |t Актуальные проблемы гуманитарных наук  |o труды IV международной научно-практической конференции студентов, аспирантов и молодых ученых, 20-21 апреля 2005, Томск  |f Томский политехнический университет  |v С. 59-61  |d 2005  |p 458 с. 
610 1 |a письменность 
610 1 |a корейцы 
610 1 |a корейский алфавит 
610 1 |a буквенно-слоговая письменность 
610 1 |a хангыль 
610 1 |a труды учёных ТПУ 
700 1 |a Замоева  |b О. А. 
801 1 |a RU  |b 63413507  |c 20080602  |g PSBO 
801 2 |a RU  |b 63413507  |c 20090911  |g RCR 
942 |c BK